[Event "Sarajevo Bosnia 34th"]
[Site "Sarajevo"]
[Date "2004.05.21"]
[Round "4"]
[White "Sokolov, Ivan"]
[Black "Bologan, Viktor"]
[Result "1-0"]
[WhiteElo "2690"]
[BlackElo "2665"]
[Annotator "Golod,V"]
[PlyCount "81"]
[EventDate "2004.05.18"]
[EventType "tourn"]
[EventRounds "9"]
[EventCountry "BIH"]
[EventCategory "15"]
[SourceTitle "CBM 101"]
[Source "ChessBase"]
[SourceDate "2004.07.27"]
[SourceVersion "1"]
[SourceVersionDate "2004.07.27"]
[SourceQuality "1"]

1. d4 {Ftacnik} Nf6 2. c4 e6 3. Nc3 Bb4 4. Qc2 O-O 5. e4 d6 6. a3 Bxc3+ 7. bxc3
e5 8. Bd3 Nc6 ({The other main line is:} 8... c5 $5 {You can see my comments
to Ivanisevic,I-Nisipeanu,L/Istanbul,2003/CBM 96(0-1)(27)}) 9. Ne2 b6 {[%csl
Rc4][%cal Gc6a5,Gc8a6]} 10. O-O Ba6 11. f4 Nd7 12. Rf3 $5 $146 {White's idea
is to prepare "c5" and on bishops exchange, to take on "d3" with a rook, that
stands perfectly on the "d" line. Ftacnik: 'Sokolov is coming with a novelty
in a position, that he intimately knows from his encounter with Karpov. The
rook on the third rank would like to enter the fray as soon as possible.'} ({
I think that white has a clear advantage after simplest move:} 12. Be3 Na5 13.
c5 $1 {Breaking Black's pawns structure.} Bc4 14. cxd6 cxd6 15. Ng3 (15. fxe5
$5 dxe5 16. Ng3 {/\Ng5} Rc8 17. Nf5 Bxd3 18. Qxd3 $16 {[%csl Rg8][%cal Ge3h6]})
15... Qc7 16. Nf5 f6 $5 (16... Kh8 $143 {You can see an ancient game of Short,
N-Karpov,A/Dortmund,1997/CBM 60(1-0)(Tsesarsky,I)(44)}) (16... Bxd3 $6 17. Qxd3
Nc4 $140 $2 18. fxe5 dxe5 19. Bh6 $18) 17. Rf3 Rf7 18. Raf1 Kh8 19. h4 $14 {
[%cal Gh4h5] Sokolov,I-Karpov,A/Hoogeveen,2003(1/2-1/2)(46)}) 12... Na5 13. c5
$5 Bxd3 14. Rxd3 bxc5 ({It deserves serious attention:} 14... exd4 15. cxd4
bxc5 (15... dxc5 $6 16. d5 {[%cal Gc1b2,Ge4e5] there is no doubt that White
has a full compensation for a pawn.}) 16. Rg3 $44 {[%csl Rg7][%cal Gc1b2,Gd4d5]
This is the better reaction than taking with the d pawn, but still white has a
strong counterplay.}) (14... Qh4 {Ftacnik} 15. Bd2 Qg4 16. Re1 Nc4 17. Rg3 $14)
15. dxe5 c4 $1 (15... Nc4 $143 16. Qd1 $5 {[%csl Rf5][%cal Ge2g3,Gg3f5] Here
white has two main ideas: to create a weakness on d6 after pawns exchange or
to trade the knight to f5 and create an attack (Qg4, Rh3 and etc.) on black's
king.} Qe7 17. Ng3 $1 (17. exd6 $143 cxd6 18. e5 d5 19. Rxd5 Ndb6 20. Rd3 f6
21. exf6 Rxf6 $44) 17... Qe6 18. Nf5 Rfd8 19. Rg3 g6 20. Qh5 $16 {[%csl Rf6,
Rg7,Rh6][%cal Gh5h6,Gh5h4]}) (15... Qe7 $6 16. Ng3 Qe6 17. exd6 cxd6 18. f5 $1
Qf6 19. Bf4 Nc4 20. Rad1 Nde5 21. Nh5 $1 Qh4 22. Rh3 Qd8 23. f6 $16) (15...
dxe5 $2 {Ftacnik} 16. Qd1 $18) 16. Rd5 Nb3 17. Rb1 Qe7 {Ftacnik: 'It was not
easy for Bologan to guess, that his position is pretty viable. He could have
even tried the phantastic possibility 17...dxe5!? '} ({Can it was necessary to
decide on the more reliable continuation:} 17... Nb6 $5 18. Rd1 Qe7 19. exd6
cxd6 20. Ng3 Nc5 $5 $13) (17... dxe5 $5 {Ftacnik} 18. Qd1 (18. Rxb3 $2 cxb3 19.
Qd2 c6 20. Rxd7 Qb6+ 21. Kf1 Rad8 $19) 18... Nbc5 19. fxe5 (19. Be3 Nd3 $1 20.
Qa4 exf4 21. Rxd7 Qe8 $17) 19... c6 20. Rd6 Qh4 21. Bf4 Nb6 $13) 18. Ng3 dxe5
19. Nf5 Qe6 ({Also playable is:} 19... Qe8 $5) 20. Qd1 Nf6 $6 ({Looks
interesting, and I guess was deeply analysed by both opponents after the game:
} 20... exf4 $5 21. Qg4 $1 ({Everything, but not:} 21. Rxd7 $2 Qxe4 22. Ne7+
Kh8 23. Bb2 Nc5 $1 {[%csl Rb2] If white's extra-piece looks in such a way,it
explains a lot about his position.} 24. Rxc7 Qe3+ 25. Kh1 Nd3 26. Qf3 (26. Qf1
Nf2+ 27. Kg1 Ne4+ 28. Kh1 Nd2 $19) 26... Rab8 $17 {[%csl Rb1,Rb2,Gb8]}) 21...
g6 22. Rxd7 Qxe4 ({Losing by force:} 22... Kh8 $2 23. Nh6 f5 (23... Qxe4 $4 24.
Qxf4 $18) 24. Qd1 fxe4 25. Rxb3 $1 cxb3 26. Bb2 $1 $18 {[%csl Gb2,Rh8][%cal
Gc3c4]}) 23. Ne7+ Kg7 24. Qxf4 Qe1+ 25. Qf1 Qe6 26. Bg5 h6 27. Bxh6+ Kxh6 28.
Qf4+ Kg7 29. Rxc7 Rad8 $13) (20... g6 $143 21. Nh6+ Kg7 22. Rxd7 Nxc1 23. Rxc1
Kxh6 24. fxe5 $14) 21. Rxe5 Rad8 22. Qe2 $6 {Ivan Sokolov allows to his
contender to exchange pieces and equalise the position.} ({Better was the
simple:} 22. Qe1 $1 Qd7 23. Be3 $14) 22... Qd7 $5 {Black avoids from pieces
exchange and is interested to keep the tension of the position, although he
had a simple way to achieve at least equality.} ({To less complicated
positions led:} 22... Nxc1 23. Rxc1 Qb6+ 24. Kh1 (24. Nd4 c5 25. Nf5 Qb3 $13)
24... Rd3 {and Black stands at least not worse.}) 23. Qxc4 $5 {Although it
doesn't give a serious advantage, it is still the right decision.
Simplifications after 23.Be3 Qd3 are in favour of Black.} ({Doesn't lead to
advantage:} 23. Be3 Qd3 $1 24. Qxd3 Rxd3 25. Bxa7 Ra8 26. Bf2 Nd2 $1 {[%csl
Ra3,Rc3,Re4] Ironically, White's "active" rook on e5 destroys his only plan -
proceed the P to e5.} 27. Re1 Rxc3 28. Bc5 Rd3 $36 {[%cal Gc3c2,Gc4c3]}) 23...
Qd1+ 24. Qf1 Qc2 {[%csl Rc3,Re4]} ({Of course not:} 24... Qxf1+ $2 25. Kxf1
Rd1+ 26. Ke2 $16) 25. Be3 Nxe4 ({From my point of view, the best decision was:
} 25... Ng4 26. Rb5 (26. Re7 Nd2 $40) 26... Qxe4 27. R5xb3 Nxe3 28. Nxe3 Qxe3+
29. Qf2 Qd3 $11) (25... Nd2 $5 26. Rc1 Qb2 27. Qe1 (27. Bxd2 Rxd2 $40 {[%csl
Gb2,Rc1,Gd2][%cal Gd2g2]}) (27. Rb5 Qxa3 28. Bc5 Qa6 29. Qe2 Nb3 $1 $15) 27...
Ng4 28. Rd5 Nxe3 29. Nxe3 Nxe4 30. Re5 $11) (25... Qxc3 $143 26. Qe1 $1 Qd3 (
26... Qxe1+ 27. Rxe1 a6 $14) 27. Bxa7 $14) 26. Re1 Nxc3 $6 {Accepting the pawn
sacrifice is too dangerous decision, all Black's pieces got far away from
their king.} ({It was better:} 26... c5 $5 27. Ne7+ Kh8 28. Nc6 (28. c4) 28...
Rde8 (28... Rd6 $143 29. Nxa7 Nxc3 30. Qf2 $1 Qxf2+ 31. Bxf2 $14) 29. c4 a5 $13
) 27. Qf3 $40 {[%csl Rb3,Rc3,Rg8][%cal Yf3g4]} ({More solid opportunity was:} 
27. Qf2 $5 Qxf2+ (27... Qd3 28. Bxa7 $14) 28. Bxf2 Rd3 29. Ne7+ Kh8 30. Bxa7 h6
$14) 27... Rd1 ({Only helps to contender:} 27... f6 $6 28. Qg4 g6 29. Nh6+ Kh8
30. Re7 f5 (30... Nd5 31. Nf7+ Rxf7 (31... Kg8 $2 32. Nxd8 f5 33. Qh4 $18) 32.
Rxf7 Nxe3 33. Qh3 $1 $16) 31. Qh4 Rd1 32. Nf7+ Kg8 33. Ng5 Rxe1+ 34. Qxe1 Ne4
35. Ne6 Rc8 36. Kh1 $1 {[%cal Ye3g1,Ye1h4] Very strong offensive resource.} a5
37. Qh4 Qd1+ 38. Bg1 h5 (38... Qh5 $143 39. Rg7+ Kh8 40. Rxc7 $1 {[%csl Yc8,
Rd8,Gh4,Rh8][%cal Yc8d8]} Re8 41. Qxh5 gxh5 42. Ng7 $16) 39. Rg7+ Kh8 40. Rxg6
$16) 28. Bf2 g6 $2 {Just a very bad move. Black weakens a position of his king.
} (28... Rxe1+ $142 29. Bxe1 $40 {and still it is difficult to suggest
something valuable to Black}) (28... Nc1 $2 {/\Nce2+} 29. Qg4 g6 30. Nh6+ Kh8
31. Qh4 Rxe1+ 32. Bxe1 Kg7 33. Ng4 $1 $18) 29. Nh6+ Kg7 (29... Kh8 30. Bh4
Rxe1+ (30... Kg7 31. Ng4 {/\Bf6} Rxe1+ 32. Rxe1 h5 33. Bf6+ Kh7 {/\f5 or g4}
34. Nf2 $1 Na4 35. f5 $1 $16 {[%cal Ge1e7]}) 31. Rxe1 Kg7 32. Ng4 h5 33. Bf6+
Kh7 34. Nf2 $16) 30. f5 $1 Kxh6 ({Not helps:} 30... Nd2 31. f6+ Kh8 32. Qe3
Nde4 33. Nxf7+ $1 Kg8 34. Nh6+ Kh8 {[%tqu "En","Can you find a nice tactical
bomb, that decides the game right now ?","","","e5e8","",10]} 35. Re8 $3 Rxe8 (
35... Qxf2+ 36. Qxf2 Rxe8 37. f7 Rxe1+ 38. Qxe1 Rd8 39. h4 Kg7 40. Qe3 {/\Ng4})
36. f7 {[%csl Rh8][%cal Ye3d4]} Qxf2+ 37. Qxf2 Rf8 38. Qe3 $16) 31. f6 $1 {
[%csl Rh6][%cal Gf3h3]} Rxe1+ ({Immediately loses a game the following move:} 
31... g5 32. Qh3+ Kg6 33. Rxg5+ $1 Kxg5 (33... Kxf6 34. Qh6+ Qg6 35. Rxg6+ hxg6
36. Bh4+ $1 Kf5 37. Qg5#) 34. Bh4+ Kh5 (34... Kg6 35. Qg4+ Kh6 36. Qg5#) 35.
Qf3+ Kxh4 (35... Kh6 36. Qe3+ Kh5 37. Qg5#) 36. g3+ Kg5 (36... Kh3 37. Qh5#)
37. h4+ Kg6 38. Qg4+ Kxf6 39. Qg5#) 32. Bxe1 g5 33. Bxc3 $2 {Not a perfect
move that keeps Black alive.} (33. h4 $1 {At once wins the game:} Rg8 (33...
Nd4 34. Qg4 Nce2+ 35. Kh2 Rg8 36. Rxg5 $1 $18) (33... Nb1 34. Rxg5) 34. Qh3 $1
Ne2+ 35. Kh2 $18) 33... Nd2 $2 {Although his position is absolutely lost,
Viktor Bologan gave up little too early than it should be:} (33... Rd8 $5 {
[%csl Rf3,Rg1][%cal Gc2d1]} 34. Be1 $1 Nd4 35. Qg4 (35. Qe3 Nf5) 35... Ne6 {
/\Rd4} 36. h4 $40) 34. Qe3 $18 Qc1+ 35. Kf2 Qf1+ 36. Kg3 Qf4+ 37. Qxf4 gxf4+
38. Kxf4 Nc4 39. Rc5 Nxa3 ({Does not change a lot} 39... Nb6 40. Kf5 Rd8 41.
Rxc7 $18) 40. Kf5 $1 Rd8 41. Be5 $1 {[%csl Ra3,Ge5,Gg2,Rh6][%cal Gc5c3,Gc3h3,
Ge5f4,Gg2g4] Further resistance is senseless.} 1-0

[Event "RUS-ch"]
[Site "Krasnodar"]
[Date "2002.09.03"]
[Round "8"]
[White "Kiriakov, Petr"]
[Black "Aseev, Konstantin N"]
[Result "1-0"]
[WhiteElo "2553"]
[BlackElo "2575"]
[Annotator "Golod,V"]
[PlyCount "101"]
[EventDate "2002.08.27"]
[EventType "swiss"]
[EventRounds "9"]
[EventCountry "RUS"]
[SourceTitle "CBM 091"]
[Source "ChessBase"]
[SourceDate "2002.11.12"]
[SourceVersion "1"]
[SourceVersionDate "2002.11.12"]
[SourceQuality "1"]

1. d4 Nf6 2. c4 e6 3. Nc3 Bb4 4. Qc2 O-O 5. a3 Bxc3+ 6. Qxc3 d6 7. Bg5 h6 8.
Bh4 g5 $6 {It only sixth game in this variant.Despite of efforts Grand Masters
from St.Peterburg (Sergey Ivanov, Sergey Ionov and Konstantin Aseev) black can
not achieve equal game,because of weakness of the king side.} ({It deserves
attention:} 8... Nbd7 9. Nf3 b6 ({comments to} 9... g5 $6 {(and also 9...Qe8!?
and 9...Qe7) you can find in annotations to Onischuk,A-Van der Wiel,J/Wijk aan
Zee,2000/CBM75 (1-0)(Golod,V)(34)}) 10. Nd2 Bb7 11. f3 {See comments to
Gustafsson,J-Pelletier,Y/Germany,2001/CBM 87(1-0)(Golod,V)(46)}) 9. Bg3 Ne4 10.
Qc2 f5 11. f3 {It is important at once to banish N from the centre!} (11. e3
$143 Qf6 12. Bd3 Nxg3 13. hxg3 e5 14. O-O-O (14. Qc3 $6 c5 15. dxe5 dxe5 16.
Bc2 Be6 $15 {Ahlander,B-Chernyshov,K/Berlin,1995(1-0)(88)}) 14... Nc6 (14... e4
$5 $11 {Aseev,K}) 15. d5 Ne7 16. f4 $14 {See comments to Ivanov,S-Aseev,K/St.
Petersburg,1997/CBM 58(1/2-1/2)(Aseev,K)(24)}) 11... Nxg3 12. hxg3 Qf6 13. e3
e5 {Other plan of game for black is not effective.} 14. O-O-O (14. dxe5 $143
dxe5 (14... Qxe5 $5) 15. c5 Nc6 16. Bc4+ Be6 17. Ne2 Kg7 18. Rd1 Rad8 19. O-O {
+/=/= Sasikiran,K-Ionov,S/Hyderabad,2000(1-0)(39)}) 14... Nc6 15. Ne2 exd4 $6 {
I think, that it was better to not unload a situation at the centre:} (15...
Bd7 16. f4 (16. Qd2 $5 {[%csl Yd2,Rd4][%cal Ge2c3,Gc3d5,Yd2d4]}) 16... exd4 17.
exd4 Rae8 $13 {Kallio,H-Ivanov,S/Stockholm,2000(1/2-1/2)(38)}) 16. exd4 Bd7 17.
Qd2 $1 $14 {[%csl Yd2,Rd4][%cal Yd2d4,Ge2c3,Gc3d5]} Rae8 $146 ({Was checked in
the previous game:} 17... Kg7 18. Nc3 Ne7 19. Kb1 c6 20. Ka1 Rfe8 21. g4 $1 d5
(21... fxg4 $6 22. Ne4 Qg6 23. Qb4 {[%csl Rb7,Rd6]}) 22. gxf5 Nxf5 23. cxd5
cxd5 24. Nxd5 Qd6 25. Nc3 $14 {DaoThien Hai-Suvrajit,S/Calcutta,1998(1/2-1/2)
(37)}) 18. Nc3 Qg7 ({A little bit better is:} 18... Ne7) 19. Nb5 $1 {[%csl Ra7,
Rc7][%cal Gd4d5,Yc6a7] White begin a concrete game.} b6 (19... Bc8 $5 20. d5
$140 Ne5 21. Nxa7 Bd7 $44) ({Dubiously:} 19... Rc8 {because of:} 20. c5 $1 $36
{[%cal Gf1c4]} (20. d5 $143 Ne5 21. Nxa7 Ra8 22. Nb5 Bxb5 23. cxb5 f4 $44)) 20.
Kb1 {[%csl Rc7]} ({After:} 20. d5 $6 Na5 {[%cal Ga5b3]} 21. Qc2 (21. Nxc7 $4
Nb3+ {[%csl Rc1,Rd2]}) 21... Re3 {[%csl Ga5,Ge3] black has a counterplay.})
20... f4 {[%csl Rc7,Yg7][%cal Gd7f5]} 21. g4 Re7 22. Bd3 {[%csl Rc7][%cal
Gb5c7,Gc7d5]} ({Now it was not favourable to take away Pa7:} 22. Nxc7 Bxg4 {
[%csl Rc7]} (22... Bf5+ $2 23. gxf5 Rxc7 24. Bd3 Nxd4 $140 25. Be4 $16) 23. Nd5
Bf5+ 24. Bd3 Bxd3+ 25. Qxd3 Re6 {[%csl Ye6][%cal Ye6h6]}) 22... Be8 (22... Nxd4
$4 {is refuted by:} 23. Nxd4 Qxd4 24. Bh7+ {[%csl Rd4,Rg8]}) 23. Rde1 $1 {<->e}
Rxe1+ 24. Qxe1 {[%csl Rh6]} a6 $2 {Probably black blundered,because he didn't
see the next move of white.It was necessary:} (24... Nxd4 25. Nxd4 Qxd4 26.
Qe6+ Bf7 $8 (26... Kg7 $2 27. Qxh6+ Kf7 28. Bg6+ Ke7 29. Re1+ {[%csl Rf8]} Kd7
30. Bf5+ $1 {[%csl Rf8]} Rxf5 31. Qe6+ $18 {[%csl Re8,Rf5][%cal Ge6e8]}) 27.
Bh7+ $1 Kh8 $8 28. Qxh6 Qg7 $8 29. Qh2 Re8 $14) {[%tqu "En","Black's last move
was a blunder.How can white exploit it?","","","b5c7","",10]} 25. Nxc7 $3 {
[%cal Gc7e6]} Qxc7 26. Qe6+ Qf7 $8 (26... Kg7 $4 27. Qxh6+ Kf7 (27... Kg8 28.
Qh8+ Kf7 29. Rh7+ Ke6 30. d5#) 28. Qh7+ {[%csl Rc7]}) (26... Bf7 $4 27. Bh7+ $1
Kh8 28. Qf6+ Kxh7 29. Qxh6+ Kg8 30. Qh7#) 27. Bh7+ $1 {This move is slightly
better,than:} (27. Qxh6 Qg7 28. Qe6+ Qf7 (28... Bf7 $2 29. Qxd6 {[%csl Rc6]
[%cal Gd3h7]} Rc8 (29... Qxd4 30. Bh7+ {[%csl Rf8]} Kg7 31. Qh6+ {[%csl Rf8]})
(29... Nd8 30. Rh7 $18 {[%csl Rf8]}) 30. Bh7+ Qxh7+ (30... Kh8 31. Bf5+ {
[%csl Rc8,Rh8]}) 31. Rxh7 Kxh7 32. Qd7 $18 {[%csl Rc6,Rc8,Rf7][%cal Gd7c6,
Gd7c8,Gd7f7]}) 29. Bh7+ Kh8 30. Qh6 {and see the game,after:27.Bxh7+}) 27...
Kh8 $8 28. Qxh6 Qg7 29. Qe6 $1 {[%csl Rh8][%cal Ge6e8,Ge6g8,Yh7e4] It is
necessary to be exact up to the end of game.} (29. Qxd6 $2 Rf6 {[%csl Yf6]} 30.
Qd5 Bf7 31. Qd7 Rh6 $132 {[%csl Rb1]}) 29... Qxh7+ (29... Bf7 $143 30. Qxd6 {
[%csl Rc6,Rf8]} Nxd4 $140 (30... Ne7 $2 31. Qxe7 Bg6+ 32. Bxg6+ {[%csl Gh1,Rh8]
}) 31. Be4+ Kg8 32. Rh7 $18 {[%csl Rf8]}) (29... Qxd4 $4 30. Bg6+ Kg7 31. Rh7#)
30. Rxh7+ Kxh7 31. Qxd6 $18 Rf7 32. d5 Na5 33. Qe6 $1 {[%csl Re8]} Rf8 34. Qe7+
{[%csl Rf8,Rg5,Rh7]} ({Also good enough:} 34. Qxb6 Bg6+ 35. Kc1 Rc8 (35... Nxc4
36. Qc7+ {[%csl Rc4,Rh7]}) 36. b3 Nxb3+ (36... Nxc4 37. Qb7+ {[%csl Rc8]}) 37.
Qxb3 $18) 34... Kg8 35. Qxg5+ Kh7 36. Qe7+ Kg8 37. d6 {[%cal Gd6d7]} Nc6 38.
Qb7 Bg6+ 39. Ka2 Ne5 40. Qe7 (40. d7 $5 {[%cal Gb7c7]}) 40... Re8 41. Qf6 Bf7
42. b3 b5 43. cxb5 axb5 44. Qxf4 {The rest is the matter of technics.} Re6 45.
Qg5+ Kf8 46. f4 Nd7 47. Qxb5 {White have decided,for the beginning,to destroy
of all pawns.} Rxd6 48. Qb4 Ke7 49. f5 Ne5 50. g5 {[%csl Gf5,Gg5]} Nd3 51. Qc3
{[%cal Gg5g6]} 1-0

[Event "Montreal 2nd"]
[Site "Montreal"]
[Date "2001.08.??"]
[Round "8"]
[White "Turov, Maxim"]
[Black "Charbonneau, Pascal"]
[Result "1/2-1/2"]
[WhiteElo "2550"]
[BlackElo "2405"]
[Annotator "Golod,V"]
[PlyCount "50"]
[EventDate "2001.08.02"]
[EventType "tourn"]
[EventRounds "11"]
[EventCountry "CAN"]
[EventCategory "9"]
[SourceTitle "CBM 085"]
[Source "ChessBase"]
[SourceDate "2001.11.13"]
[SourceVersion "1"]
[SourceVersionDate "2001.11.13"]
[SourceQuality "1"]

1. d4 Nf6 2. c4 e6 3. Nc3 Bb4 4. Qc2 O-O 5. a3 Bxc3+ 6. Qxc3 Ne4 7. Qc2 f5 8.
e3 b6 9. Ne2 ({Besides, white has three alternatives:} 9. Nf3) (9. Bd3) ({and} 
9. Nh3) 9... Bb7 10. f3 Nf6 $5 {[%mdl 4]} ({In my opinion,dubiously:} 10...
Qh4+ 11. g3 Qe7 12. Bg2 Nf6 13. O-O c5 14. b4 $5 $14 {See comments to Gurevich,
M-Hulak,K/Ohrid, 2001/CBM 84(1-0)(Golod,V)(38)} (14. b3 $5 $14 {See comments
to Gurevich,M-De Firmian,N/Esbjerg,2000/CBM 78(1-0)(Golod,V)(39)})) ({It
deserves attention:} 10... Nd6 $5 11. Nc3 (11. Bd2 $2 {See comments to
Beliavsky,A-Lobron,E/Dortmund,1995/CBM 48(1-0)(Von Gleich)(51)}) (11. Nf4 $143
c5 12. dxc5 bxc5 13. b3 Nc6 14. Nd3 Nf7 15. Bb2 d6 $11 {Ippolito,D-Benjamin,J/
New York,1999(1/2-1/2)(31)}) 11... Qh4+ 12. Qf2 Qe7 13. b4 c5 14. dxc5 bxc5 15.
b5 Nf7 16. Be2 d5 17. O-O Nd7 18. Bb2 {+/=/= Kaufman,L-De Firmian,N/Chicago,
1997(0-1)(40)}) 11. b3 $146 {/\Bb2,a little weakening /^c1-h6(><e3).} ({
Was checked in the previous games:} 11. Nc3 $5 {You can see comments to Kruppa,
Y-Nosenko,A/Donetsk,1998/CBM 68(1-0) (Golod,V)(48)}) ({Worse is:} 11. Ng3 Nc6 (
11... c5 $5) 12. Bd2 f4 13. Ne2 fxe3 14. Bxe3 a5 15. O-O-O b5 $13 {Soos,
B-Vaisman,V/Bucharest,1967(1-0)(35)}) 11... c5 {The most standard and suitable
decision for the given position.} 12. Bb2 Nc6 13. Rd1 {[%csl Re1] The king of
white till now is in a dangerous zone.} ({Pretty dubiously:} 13. O-O-O {
in view of:} Rc8 $132 {[%csl Rc1,Rc2,Gc8]}) 13... Qe7 14. dxc5 ({After:} 14.
Nc3 $6 f4 15. dxc5 {Black have an additional opportunity, which was not at
them in a game:} fxe3 $5 (15... bxc5 16. exf4 Nd4 {see the game,after:16...Nd4}
) 16. cxb6 axb6 17. Ne4 d5 18. Nxf6+ gxf6 $13) 14... bxc5 15. Nc3 {It is
necessary to try to finish development of the pieces:(/\Be2,0-0).} f4 $1 $132 {
From my point of view,it's best decision.} 16. exf4 Nd4 17. Qf2 ({Weakly:} 17.
Qd3 {in view of:} Nh5 $36 18. Ne2 $140 Qh4+ $1 19. g3 Nxg3 $1 20. Nxg3 Nxf3+
21. Ke2 Qg4 $17 {[%csl Re2]}) 17... e5 $1 {[%csl Re1] It is clear, that is not
necessary at once to win back a material:} (17... Nxb3 $6 18. Nb5 d5 19. Be5
$14) 18. Be2 {It's much better,than:} (18. Bd3 exf4+ {[%csl Rb3]} 19. Ne2 Nxb3)
({or} 18. Ne2 Rae8 $36) 18... Nc2+ $5 ({After:} 18... exf4 $6 {white has a
strong and unexpected idea:} 19. Rxd4 $1 (19. O-O $143 Nxb3 20. Rfe1 $44) 19...
cxd4 20. Qxd4 $44) 19. Kd2 $140 ({Badly:} 19. Kf1 {because of:} exf4 {[%csl
Rd1,Rf1][%cal Gc2e3]} 20. Kg1 Rfe8 $15 {[%csl Rh1]}) 19... Nd4 {Now white can
not finish the development of the figures.} 20. fxe5 ({Senselessly:} 20. Nb5 $2
{in view of:} Nxb3+ 21. Kc2 Nd4+ 22. Nxd4 (22. Kb1 $144 a6 23. Nxd4 exd4 24.
Rhe1 d5 $17) 22... exd4 $17) 20... Ng4 $1 {[%csl Re5,Rf2][%mdl 2048]} 21. Qg3
Qg5+ 22. Ke1 $8 ({Loses right away:} 22. f4 $4 Rxf4 23. h4 Qh6 $19 {[%csl Rd2]}
) 22... Nc2+ 23. Kf1 Nce3+ (23... Nge3+ $6 24. Kg1 Qxg3 25. hxg3 Nxd1 26. Nxd1
$14) 24. Ke1 (24. Kg1 $2 Nxd1 25. Nxd1 Qd2 {[%csl Re2]} 26. Kf1 {=/+/-/+})
24... Nc2+ {After a interesting and substantial events occurring in game,
Maxim Turov and Pascal Charbonneau should be glad to repeat the moves.} 25. Kf1
Nce3+ 1/2-1/2